Normal view
MARC view
- Schaffer, Ronald W
Entry Personal Name
001 - CONTROL NUMBER
- control field: 6846
003 - CONTROL NUMBER IDENTIFIER
- control field: OSt
005 - DATE AND TIME OF LATEST TRANSACTION
- control field: 20250108150404.0
008 - FIXED-LENGTH DATA ELEMENTS
- fixed length control field: 250108|| aca||aabn | a|a d
040 ## - CATALOGING SOURCE
- Original cataloging agency: OSt
- Transcribing agency: OSt
100 ## - HEADING--PERSONAL NAME
- Personal name: Schaffer, Ronald W
670 ## - SOURCE DATA FOUND
- Source citation: Work cat.: (OSt)5633: Oppenheim, Alan V . 6844, Discrete time signal processing / , 2002.
